| 000 | 00514nam a2200217Ia 4500 | ||
|---|---|---|---|
| 003 | OSt | ||
| 005 | 20140507092723.0 | ||
| 008 | 140130s9999 xx 000 0 und d | ||
| 020 | _a9780439801980 | ||
| 050 |
_aPZ 7 _b.W65535Knu 2005 |
||
| 100 | _aWillems, Mo | ||
| 245 |
_aKnuffle bunny / _cMo Willems. |
||
| 260 |
_bScholastic, _c2005. _aNew York : |
||
| 300 |
_a32 p. : _bcol. ill. ; _c23 cm. |
||
| 440 | _v1 | ||
| 521 | _aG1 | ||
| 526 | _c120 | ||
| 942 |
_cBK _2lcc |
||
| 999 |
_c39842 _d39842 |
||